| 000 | 00674nam a2200277 a 4500 | ||
|---|---|---|---|
| 003 | AR-BaBNM | ||
| 005 | 20251128210226.0 | ||
| 008 | 082120s2002 ||||||||||||||000 | spa|| | ||
| 020 | _a84-206-4649-0 | ||
| 040 | _cAR-BaBNM | ||
| 100 | 1 | _aCalvo Serraller, Francisco | |
| 245 | 0 | 0 | _aEl Greco |
| 260 |
_aMadrid _bAlianza Editorial _c1994 |
||
| 300 |
_aviii, 63 p. _bláms. |
||
| 490 | 0 |
_aAlianza Cien _vv. 49 |
|
| 650 | 4 | _aBIOGRAFIAS | |
| 650 | 4 | _aCRITICA DE ARTE | |
| 650 | 4 | _aARTES PLASTICAS | |
| 650 | 4 | _aESTILOS ARTISTICOS | |
| 650 | 4 | _aARTE EUROPEO | |
| 650 | 4 | _aPINTORES | |
| 651 | 4 | _aEspaña | |
| 655 | _aBIOGRAFIAS | ||
| 942 | _cBK | ||
| 998 | _cMARTIN | ||
| 999 |
_c14582 _d14582 |
||